000
00287nam a22001337a 4500
008
170220b xxu||||| |||| 00| 0 eng d
020
_a
0838576818
041
_a
eng
080
_a
615
100
_a
5
101
_a
SHF
245
_a
PHARMACOTHERAPEUTICS
_c
YOUNGKIN, E.Q
942
_2
udc
_c
BK
999
_c
5862
_d
5862